Statistics for Most Successful Artists on Billboard Year-End Hot 100 Songs

Click here to take the quiz!

General Stats

  • This quiz has been taken 74 times
    (54 since last reset)
  • The average score is 13 of 29

Answer Stats

#PointsPeak YearArtist% Correct
2714531983Michael Jackson
76%
2715711964/68The Beatles
72%
6232522018Drake
70%
2916042009Taylor Swift
67%
3221171956/57Elvis Presley
63%
3618881985Madonna
61%
2412832007Beyoncé
59%
4628022007Rihanna
57%
2918862001Janet Jackson
54%
3522622005Mariah Carey
54%
1912412020The Weeknd
54%
2916761986/97Elton John
52%
2214911993Whitney Houston
48%
2917672016Justin Bieber
46%
2413512021Ariana Grande
43%
2614172007Jay-Z
41%
3118912004Usher
39%
2313512013Justin Timberlake
37%
2313092011Kanye West
35%
2013552014Katy Perry
33%
1915502015Bruno Mars
30%
2312482013P!nk
30%
3618112008Lil Wayne
28%
2515922004Maroon 5
28%
2514491986Stevie Wonder
28%
3013972011Nicki Minaj
22%
3416872008Chris Brown
17%
2520051946Perry Como
11%
2914292004Ludacris
0%

Score Distribution

Percentile by Number Answered

Percent of People with Each Score

Your Score History

You have not taken this quiz since the last reset